Descolonización del niño
| Egile nagusia: | |
|---|---|
| Formatua: | Liburua |
| Hizkuntza: | gaztelania |
| Argitaratua: |
Barcelona, España :
Editorial Ariel,
1982
|
| Gaiak: |
MARC
| LEADER | 00000nam a2200000Ia 4500 | ||
|---|---|---|---|
| 008 | 150813b1982 sp ||||| |||| 00| | spa d | ||
| 020 | |a 8434407485 | ||
| 090 | |a 301.155 |b M537d3 | ||
| 100 | 1 | |a Mendel, Gérard |9 820 | |
| 245 | 1 | 0 | |a Descolonización del niño |
| 260 | |a Barcelona, España : |b Editorial Ariel, |c 1982 | ||
| 300 | |a 276 páginas | ||
| 650 | 1 | 4 | |a ADULTOS |9 821 |
| 650 | 1 | 4 | |a NIÑOS |9 59 |
| 650 | 1 | 4 | |a NIÑAS |9 60 |
| 650 | 1 | 4 | |a PSICOLOGÍA |9 657 |
| 942 | |i 366431 |h 301.155 M537d3 |2 z |c 01 | ||
| 999 | |c 188 |d 188 | ||
